Zahraničnoobchodná politika opäť v centre záujmu slovenských politikov
Pokračovanie článku z predchádzajúceho čísla o zmenách kompetenčného zákona. Snaha presunúť existujúcu sieť obchodných zastúpení Slovenska v zahraničí (OBEO) z pôsobnosti Ministerstva hospodárstva a výstavby SR do rezortu diplomacie. Koordinácia záujmov politickej a ekonomickej reprezentácie.
Gespeichert in:
| 1. Verfasser: | |
|---|---|
| Format: | Buchkapitel |
| Sprache: | Slowakisch |
| Schlagworte: | |
| Tags: |
Keine Tags, Fügen Sie das erste Tag hinzu!
|
MARC
| LEADER | 00000naa a2200000 4500 | ||
|---|---|---|---|
| 001 | 0119304 | ||
| 005 | 20240502072329.8 | ||
| 041 | 0 | |a slo | |
| 044 | |a SK | ||
| 245 | 1 | 0 | |a Zahraničnoobchodná politika opäť v centre záujmu slovenských politikov |c Peter Baláž |
| 520 | |a Pokračovanie článku z predchádzajúceho čísla o zmenách kompetenčného zákona. Snaha presunúť existujúcu sieť obchodných zastúpení Slovenska v zahraničí (OBEO) z pôsobnosti Ministerstva hospodárstva a výstavby SR do rezortu diplomacie. Koordinácia záujmov politickej a ekonomickej reprezentácie. | ||
| 610 | 2 | 0 | |a Slovensko |
| 610 | 2 | 0 | |a politika zahraničnoobchodná |
| 610 | 2 | 0 | |a dohody obchodné medzinárodné |
| 610 | 2 | 0 | |a zmluvy zahraničnoobchodné |
| 610 | 2 | 0 | |a zastupiteľstvá obchodné |
| 610 | 2 | 0 | |a kompetencie |
| 610 | 2 | 0 | |a ministerstvá |
| 610 | 2 | 0 | |a diplomacia |
| 100 | 1 | |a Baláž, Peter | |